000 01221nam a22001937a 4500
003 JO-AjAnu
005 20250315093438.0
008 250311b jo ||||| |||| 00| 0 ara d
040 _cJO-AjAnu
041 _hara
100 _aشواقفة، أحمد دواس فارع
_eمعد
_966504
245 _aاثر خصائص التدقيق الخارجي على العلاقة بين جودة التقارير المالية والأداء المالي لشركات التأمين المدرجة في بورصة عمان = The Impact of External Auditing Characteristics on the Relationship between Financial Reporting Quality and Financial performance of Insurance Companies listed on the Amman Stock Exchange
_c / اعداد احمد دواس فارع شواقفة ؛ اشراف احمد ابراهيم كراجه
260 _c2025
300 _a92 ورقة
500 _aرسالة جامعية (رسالة ماجستير في المحاسبة)، جامعة عجبون الوطنية (الاردن - عجلون) / كلية الأعمال ، قسم المحاسبة ، 2025
650 _vشركات التأمين-محاسبة
700 _aكراجه، احمد ابراهيم
_964987
_eمشرف
942 _2lcc
_cTHS
_n0
999 _c33893
_d33893